000 00943nam a22002297a 4500
003 0
005 20250204164824.0
008 250204b xxu||||| |||| 00| 0 eng d
050 _aHD 69
_b.Ed33 2019
100 _aEdades, Christina Marie Parrocha
245 _aMulti-generational differences in Philippine telecommunication industry
_bdevelopment of a management competency framework for marketers
_cChristina Marie Parrocha Edades
260 _aLas Pinas City
_bSouthville International School and Colleges
_c2019
300 _av, 162 pages ;
_c28cm.
500 _aMaster in Business Administration.
504 _aIncludes bibliographical references and index.
650 _aMarketing—Management.
650 _aTelecommunication—Philippines.
650 _aMultigenerational workforce—Philippines
650 _aBusiness communication—Philippines.
650 _aEmployees—Training of—Philippines.
942 _2lcc
_cTH
999 _c367129
_d367129